Statistics for Top Five Countries By Category #1

Click here to take the quiz!

General Stats

  • This quiz has been taken 346,703 times
    (46,746 since last reset)
  • The average score is 38 of 54

Answer Stats

Country% Correct
China
100%
India
99%
Russia
99%
United States
99%
Brazil
98%
Canada
96%
France
92%
Germany
91%
Indonesia
91%
Nepal
91%
Vatican City
89%
Argentina
88%
Japan
88%
Pakistan
88%
Italy
86%
Australia
85%
Mongolia
82%
Monaco
80%
Spain
80%
Saudi Arabia
79%
Netherlands
77%
Mexico
76%
Thailand
75%
Bangladesh
74%
Bhutan
74%
Algeria
73%
Singapore
73%
United Arab Emirates
73%
San Marino
72%
Switzerland
70%
Belgium
69%
Nigeria
68%
Cambodia
66%
South Korea
66%
Myanmar
65%
Chile
64%
Nauru
64%
New Zealand
64%
Denmark
63%
Uruguay
61%
Iceland
60%
Tuvalu
59%
Qatar
58%
Palau
57%
Colombia
56%
Ireland
53%
Austria
52%
South Africa
50%
Sri Lanka
47%
Bahrain
46%
Namibia
38%
Maldives
31%
Panama
25%
Guyana
19%

Score Distribution

Percentile by Number Answered

Percent of People with Each Score

Your Score History

You have not taken this quiz since the last reset